Online Catalogue and eLibrary

Seminar papers on Dialectology (Record no. 3017)

MARC details
000 -LEADER
fixed length control field 00460nam a2200193Ia 4500
005 - DATE AND TIME OF LATEST TRANSACTION
control field 20240820023647.0
008 - FIXED-LENGTH DATA ELEMENTS--GENERAL INFORMATION
fixed length control field 240331s9999 xx 000 0 und d
020 ## - INTERNATIONAL STANDARD BOOK NUMBER
ISBN 8170900816
082 ## - DDC Classification
Item Number - Author Mark ARO
Class No. 494.811
100 ## - MAIN ENTRY--PERSONAL NAME
Personal name Arokianathan, S
245 #0 - TITLE STATEMENT
Title Seminar papers on Dialectology
260 ## - PUBLICATION, DISTRIBUTION, ETC.
Place of publication, distribution, etc. Tamil Nadu
Name of publisher, distributor, etc. Tamil University
Date of publication, distribution, etc. 1987
300 ## - PHYSICAL DESCRIPTION
Extent (e.g. Volumes, Pages etc.) v, 195 p .,
650 ## - SUBJECT ADDED ENTRY--TOPICAL TERM
Topical term or geographic name entry element Sociology
650 ## - SUBJECT ADDED ENTRY--TOPICAL TERM
Topical term or geographic name entry element Religion
650 ## - SUBJECT ADDED ENTRY--TOPICAL TERM
Topical term or geographic name entry element Caste
650 ## - SUBJECT ADDED ENTRY--TOPICAL TERM
Topical term or geographic name entry element Sex
942 ## - Koha item type (Biblio)
Koha item type Books in Stacks (Lending)
Holdings
Lost status Damaged status Collection code Home library Current library Shelving location Date acquired Full call number Accession Number Item type
    Lending WERC Library WERC Library Social Science Cupboard 03/31/2024 494.811 ARO 596 Books in Stacks (Lending)

© WERC Library